UBT Library

E Drejta Administrative (Record no. 54895)

000 -LEADER
fixed length control field 00310nam a22001337a 4500
008 - FIXED-LENGTH DATA ELEMENTS--GENERAL INFORMATION
fixed length control field 190621b ||||| |||| 00| 0 eng d
020 ## - INTERNATIONAL STANDARD BOOK NUMBER
International Standard Book Number 9789951643078
041 ## - LANGUAGE CODE
Language code of text/sound track or separate title alb
080 ## - UNIVERSAL DECIMAL CLASSIFICATION NUMBER
Edition identifier 341
Universal Decimal Classification number 341
100 ## - Rafti
Rafti 0
101 ## - Shkurtesa
Shkurtesa SHJ
245 ## - TITLE STATEMENT
Title E Drejta Administrative
Statement of responsibility, etc Berisha, F & Zejneli, J
942 ## - ADDED ENTRY ELEMENTS (KOHA)
Source of classification or shelving scheme
Item type Books
Holdings
Withdrawn status Lost status Source of classification or shelving scheme Damaged status Not for loan Collection code Permanent location Current location Shelving location Date acquired Total Checkouts Full call number Barcode Date last seen Price effective from Koha item type
          Koleksioni i përgjithshem UBT - Prishtine UBT - Prishtine Koleksioni i përgjithshem 06/21/2019   341 BER 002-3023273 06/21/2019 06/21/2019 Books
UBT Library © 2015-2024. All rights reserved University Education for Business and Technology